[Event "Hradec Kralove op 13th"]
[Site "Hradec Kralove"]
[Date "2023.11.04"]
[Round "1"]
[White "Toman, Jaroslav"]
[Black "Krasa, Marek"]
[Result "1/2-1/2"]
[WhiteElo "2203"]
[BlackElo "1595"]
[PlyCount "54"]
[EventDate "2023.11.04"]
[EventType "swiss"]
[EventRounds "9"]
[EventCountry "CZE"]
[SourceTitle "CBM 217 Extra"]
[Source "ChessBase"]
[SourceDate "2024.01.31"]
[SourceVersion "1"]
[SourceVersionDate "2024.01.31"]
[SourceQuality "1"]

1. b3 d5 2. Bb2 e6 3. e3 Nf6 4. Nf3 a6 5. d4 c5 6. Nbd2 Nc6 7. a3 b5 8. c4 cxd4 9. cxb5 dxe3 10. bxc6 exd2+ 11. Qxd2 Ne4 12. Qc2 Bc5 13. Bd4 Bxd4 14. Nxd4 Qb6 15. Nf3 0-0 16. b4 Qc7 17. Bd3 f5 18. 0-0 Re8 19. a4 e5 20. b5 Nd6 21. Be2 d4 22. Rfb1 axb5 23. axb5 Rxa1 24. Rxa1 d3 25. Bxd3 e4 26. Bc4+ Nxc4 27. Qxc4+ Be6 1/2-1/2

[Event "Hradec Kralove Region-chT 2223"]
[Site "Czech Republic"]
[Date "2023.04.02"]
[Round "11.4"]
[White "Krasa, Marek"]
[Black "Hubka, Lubos"]
[Result "0-1"]
[WhiteElo "1666"]
[BlackElo "1938"]
[PlyCount "82"]
[EventDate "2022.10.09"]
[EventType "team-tourn"]
[EventRounds "11"]
[EventCountry "CZE"]
[SourceTitle "EXT 2024"]
[Source "ChessBase"]
[SourceDate "2023.10.10"]
[SourceVersion "1"]
[SourceVersionDate "2023.10.10"]
[SourceQuality "1"]

1. b4 Nf6 2. Bb2 e6 3. a3 d5 4. e3 c5 5. bxc5 Bxc5 6. d4 Be7 7. Nd2 0-0 8. Ngf3 Bd7 9. Bd3 Qa5 10. 0-0 b5 11. Ne5 Nc6 12. Nxd7 Nxd7 13. f4 f5 14. Nf3 Nf6 15. Qe2 a6 16. Rfd1 Rfc8 17. Qd2 Qb6 18. Ne5 Ne4 19. Qe1 Rc7 20. h3 Nxe5 21. fxe5 Qc6 22. Rdc1 Rf8 23. a4 b4 24. Bxe4 fxe4 25. c3 b3 26. Qe2 Bg5 27. Ba3 Qc4 28. Re1 Qxe2 29. Rxe2 Rfc8 30. Bc5 Be7 31. Bb4 Bxb4 32. cxb4 Rb7 33. b5 axb5 34. axb5 Rxb5 35. Rb2 Rb6 36. Kf2 Kf7 37. Ke2 Rc3 38. Kd2 Rd3+ 39. Ke2 Rc6 40. Rab1 Rcc3 41. Rf1+ Kg6 0-1

[Event "Hradec Kralove Region-chT 2223"]
[Site "Czech Republic"]
[Date "2023.03.19"]
[Round "10.3"]
[White "Krasa, Marek"]
[Black "Drasnar, Lukas"]
[Result "0-1"]
[WhiteElo "1670"]
[BlackElo "1888"]
[PlyCount "108"]
[EventDate "2022.10.09"]
[EventType "team-tourn"]
[EventRounds "11"]
[EventCountry "CZE"]
[SourceTitle "EXT 2024"]
[Source "ChessBase"]
[SourceDate "2023.10.10"]
[SourceVersion "1"]
[SourceVersionDate "2023.10.10"]
[SourceQuality "1"]

1. b4 e5 2. a3 d5 3. e3 Be6 4. Bb2 f6 5. Nf3 Bd6 6. Be2 Ne7 7. 0-0 0-0 8. d4 e4 9. Nfd2 f5 10. c4 c6 11. c5 Bc7 12. f3 Ng6 13. f4 Nd7 14. Qe1 Nf6 15. h3 Qd7 16. Qg3 Rfb8 17. Nb3 b5 18. Bc3 a6 19. N1d2 Qf7 20. a4 Kf8 21. axb5 axb5 22. Rxa8 Rxa8 23. Ra1 Rxa1+ 24. Bxa1 Qe8 25. Qe1 Qa8 26. Qb1 Nh8 27. Bc3 Nf7 28. Qa1 Qxa1+ 29. Bxa1 g5 30. g3 h5 31. Nf1 h4 32. fxg5 Nxg5 33. Kg2 hxg3 34. Nxg3 f4 35. exf4 Bxh3+ 36. Kf2 Bxf4 37. Nh5 Nxh5 38. Bxh5 Ke7 39. Be2 Kf6 40. Na5 Bd7 41. Bc3 Kf5 42. Nb3 e3+ 43. Kg2 Ke4 44. Nc1 Bh3+ 45. Kh1 Bg3 46. Bh5 Ne6 47. Ne2 Bf2 48. Kh2 Bf5 49. Kg2 Kd3 50. Bb2 Kc2 51. Bc1 Be4+ 52. Kh3 Bf3 53. Ba3 Bxe2 54. Bxe2 Nf4+ 0-1

[Event "Hradec Kralove op 11th"]
[Site "Hradec Kralove"]
[Date "2022.11.08"]
[Round "5"]
[White "Voriskova, Anna"]
[Black "Krasa, Marek"]
[Result "1-0"]
[WhiteElo "1804"]
[BlackElo "1651"]
[PlyCount "83"]
[EventDate "2022.11.05"]
[EventType "swiss"]
[EventRounds "9"]
[EventCountry "CZE"]
[SourceTitle "CBM 211 Extra"]
[Source "ChessBase"]
[SourceDate "2023.01.31"]
[SourceVersion "1"]
[SourceVersionDate "2023.01.31"]
[SourceQuality "1"]

1. d4 Nf6 2. c4 e6 3. Nf3 b6 4. g3 d5 5. Bg2 Bb7 6. 0-0 Be7 7. Nc3 0-0 8. Qc2 dxc4 9. e4 a6 10. a4 h6 11. Rd1 Qc8 12. Nd2 Rd8 13. Nxc4 Bb4 14. Bf4 Nbd7 15. Rac1 Nh5 16. Be3 Nhf6 17. Qe2 Bxc3 18. Rxc3 Qb8 19. Bf4 Rc8 20. Rdc1 Qa7 21. b4 Rab8 22. Ne5 Nxe5 23. Bxe5 Ne8 24. Bxc7 Ra8 25. d5 Rxc7 26. Rxc7 Nxc7 27. Rxc7 Rc8 28. Qc2 Qb8 29. d6 Rd8 30. e5 Bxg2 31. Kxg2 g6 32. h4 b5 33. a5 Qa8+ 34. Qc6 Kg7 35. Qf3 Qxf3+ 36. Kxf3 Kf8 37. Ra7 f6 38. Rxa6 fxe5 39. Ke4 Rc8 40. Kxe5 Rc4 41. Ra8+ Kf7 42. d7 1-0

[Event "CZE-ch Betsys Online Blitz"]
[Site "Chess.com INT"]
[Date "2021.04.17"]
[Round "11"]
[White "Krasa, Marek"]
[Black "Sramek, Ondrej"]
[Result "0-1"]
[WhiteElo "1662"]
[BlackElo "2021"]
[PlyCount "94"]
[EventDate "2021.04.17"]
[EventType "swiss (blitz)"]
[EventRounds "13"]
[EventCountry "CZE"]
[SourceTitle "CBM 201 Extra"]
[Source "ChessBase"]
[SourceDate "2021.05.31"]
[SourceVersion "1"]
[SourceVersionDate "2021.05.31"]
[SourceQuality "1"]

1. c4 Nf6 2. Nf3 g6 3. Nc3 Bg7 4. d4 0-0 5. e4 d6 6. Bd3 c5 7. dxc5 dxc5 8. Be3 Qc7 9. 0-0 Be6 10. Qc2 b6 11. Rfd1 Nc6 12. a3 a6 13. Nd5 Bxd5 14. cxd5 Ne5 15. Nxe5 Qxe5 16. f4 Qc7 17. Rac1 Rfd8 18. b4 Ng4 19. Bf2 Qxf4 20. Bg3 Bd4+ 21. Kh1 Qg5 22. Qe2 Ne3 23. Re1 a5 24. Bc7 Rd7 25. Bxb6 axb4 26. axb4 e6 27. Bxc5 Bxc5 28. Rxc5 Ng4 29. dxe6 Rxd3 30. Rxg5 Re3 31. Qf1 Ra2 32. Rxe3 Nxe3 33. Qg1 Rd2 34. exf7+ Kf8 35. h4 Rd1 36. Kh2 Rxg1 37. Kxg1 Kxf7 38. Rb5 Nc4 39. Rb7+ Kg8 40. b5 Nd6 41. Rb8+ Kg7 42. e5 Nc4 43. b6 Kf7 44. b7 Nb6 45. Rh8 Nd7 46. b8Q Ke6 47. Rd8 Kf7 0-1

[Event "Hradec Kralove op 8th"]
[Site "Hradec Kralove"]
[Date "2017.10.07"]
[Round "8"]
[White "Voith, Walter"]
[Black "Krasa, Marek"]
[Result "1-0"]
[WhiteElo "1460"]
[BlackElo "1684"]
[PlyCount "43"]
[EventDate "2017.10.01"]
[EventType "swiss"]
[EventRounds "9"]
[EventCountry "CZE"]
[SourceTitle "CBM 181 Extra"]
[Source "ChessBase"]
[SourceDate "2017.12.12"]
[SourceVersion "1"]
[SourceVersionDate "2017.12.12"]
[SourceQuality "1"]

1. e4 b6 2. d3 Bb7 3. g3 Nf6 4. Bg2 e6 5. Nd2 c5 6. Ngf3 Nc6 7. 0-0 Be7 8. Re1 0-0 9. h4 h6 10. Nf1 d5 11. e5 Nd7 12. N1h2 Qc7 13. Bf4 Rfe8 14. Ng4 h5 15. Nf6+ gxf6 16. exf6 Bd6 17. Bg5 e5 18. Nh2 Nd8 19. Qxh5 Bf8 20. Bh3 Qd6 21. Bf5 Qxf6 22. Qh7# 1-0

[Event "Hradec Kralove op 8th"]
[Site "Hradec Kralove"]
[Date "2017.10.05"]
[Round "6"]
[White "Hassemeier, Mika"]
[Black "Krasa, Marek"]
[Result "1-0"]
[WhiteElo "1864"]
[BlackElo "1684"]
[PlyCount "47"]
[EventDate "2017.10.01"]
[EventType "swiss"]
[EventRounds "9"]
[EventCountry "CZE"]
[SourceTitle "CBM 181 Extra"]
[Source "ChessBase"]
[SourceDate "2017.12.12"]
[SourceVersion "1"]
[SourceVersionDate "2017.12.12"]
[SourceQuality "1"]

1. e4 c5 2. Nc3 e6 3. f4 Nc6 4. Nf3 a6 5. a4 d5 6. d3 d4 7. Nb1 Nf6 8. Be2 Bd7 9. 0-0 b5 10. axb5 axb5 11. Rxa8 Qxa8 12. Na3 Qb7 13. Qe1 Be7 14. Qg3 g6 15. Ne5 0-0 16. Nxd7 Nxd7 17. f5 Qb8 18. Bf4 e5 19. Bh6 Re8 20. fxg6 hxg6 21. Bh5 Nf8 22. Bxf8 Bxf8 23. Bxg6 fxg6 24. Qxg6+ 1-0

[Event "Hradec Kralove op 8th"]
[Site "Hradec Kralove"]
[Date "2017.10.02"]
[Round "2"]
[White "Smietanska, Wiktoria"]
[Black "Krasa, Marek"]
[Result "0-1"]
[WhiteElo "1422"]
[BlackElo "1684"]
[PlyCount "130"]
[EventDate "2017.10.01"]
[EventType "swiss"]
[EventRounds "9"]
[EventCountry "CZE"]
[SourceTitle "CBM 181 Extra"]
[Source "ChessBase"]
[SourceDate "2017.12.12"]
[SourceVersion "1"]
[SourceVersionDate "2017.12.12"]
[SourceQuality "1"]

1. c4 e6 2. Nc3 Nf6 3. d4 d5 4. cxd5 Nxd5 5. e4 Nxc3 6. bxc3 c5 7. Nf3 cxd4 8. cxd4 Nc6 9. Be2 Bb4+ 10. Bd2 Qa5 11. Bxb4 Qxb4+ 12. Qd2 Qxd2+ 13. Kxd2 0-0 14. Rab1 Rd8 15. Ke3 b6 16. Bb5 Bb7 17. Rhc1 Rac8 18. Rc2 Ne7 19. Rbc1 Rxc2 20. Rxc2 Rc8 21. Rxc8+ Nxc8 22. Ne5 Nd6 23. Bc6 Ba6 24. d5 f6 25. Nd3 Kf7 26. dxe6+ Kxe6 27. Bd5+ Kd7 28. Nb4 Bf1 29. g3 a5 30. Nc2 Nb5 31. Kd2 Bh3 32. f4 Kd6 33. Bc4 Nc7 34. Kd3 b5 35. Bg8 h6 36. Nd4 g5 37. Bh7 b4 38. Nf5+ Bxf5 39. Bxf5 gxf4 40. gxf4 Nb5 41. Kc4 Nc3 42. Kb3 Kc5 43. e5 a4+ 44. Kb2 fxe5 45. fxe5 Nd5 46. Bd7 Nb6 47. Bf5 Nc4+ 48. Kc1 Nxe5 49. Bc2 a3 50. Kd1 Kd4 51. Bb3 Ke3 52. Bd5 h5 53. Kc2 Kd4 54. Bb7 h4 55. h3 Ng6 56. Kb3 Kc5 57. Bc8 Nf4 58. Bg4 Nd3 59. Kc2 Ne5 60. Be6 Nc6 61. Kd3 Nd4 62. Bg4 b3 63. axb3 a2 64. b4+ Kd5 65. Bh5 a1Q 0-1

[Event "Hradec Kralove op"]
[Site "Hradec Kralove"]
[Date "2014.10.20"]
[Round "3"]
[White "Green, Per"]
[Black "Krasa, Marek"]
[Result "1-0"]
[WhiteElo "1961"]
[BlackElo "1728"]
[PlyCount "61"]
[EventDate "2014.10.18"]
[EventType "swiss"]
[EventRounds "9"]
[EventCountry "CZE"]
[SourceTitle "EXT 2015"]
[Source "ChessBase"]
[SourceDate "2014.11.20"]
[SourceVersion "1"]
[SourceVersionDate "2014.11.20"]
[SourceQuality "1"]

1. Nf3 Nf6 2. c4 e6 3. g3 g6 4. Bg2 Bg7 5. Nc3 d5 6. d4 a6 7. 0-0 0-0 8. Bf4 c6 9. c5 Nbd7 10. b4 b6 11. Ne5 Nxe5 12. Bxe5 Nd7 13. Bxg7 Kxg7 14. e4 Rb8 15. Qd2 bxc5 16. bxc5 Qc7 17. Rab1 Bb7 18. Rb3 Ba8 19. Rfb1 Rxb3 20. Rxb3 Rb8 21. Rxb8 Qxb8 22. exd5 exd5 23. Bf1 a5 24. Na4 Qc7 25. Nb6 Nxb6 26. Qxa5 Bb7 27. Qxb6 Qe7 28. Qa7 Kf6 29. a4 Bc8 30. Qb8 Qe6 31. a5 1-0

[Event "Hradec Kralove op"]
[Site "Hradec Kralove"]
[Date "2014.10.19"]
[Round "2"]
[White "Burdov, Petr"]
[Black "Krasa, Marek"]
[Result "0-1"]
[WhiteElo "1594"]
[BlackElo "1728"]
[PlyCount "110"]
[EventDate "2014.10.18"]
[EventType "swiss"]
[EventRounds "9"]
[EventCountry "CZE"]
[SourceTitle "EXT 2015"]
[Source "ChessBase"]
[SourceDate "2014.11.20"]
[SourceVersion "1"]
[SourceVersionDate "2014.11.20"]
[SourceQuality "1"]

1. e4 c5 2. Nf3 e6 3. Bc4 a6 4. a3 b5 5. Ba2 Bb7 6. d3 Nc6 7. Be3 Nf6 8. h3 d5 9. Nbd2 d4 10. Bg5 Be7 11. 0-0 0-0 12. Nh2 Nd7 13. Bxe7 Qxe7 14. f4 Rac8 15. Ng4 b4 16. Nc4 a5 17. e5 Rb8 18. Nd6 Ba8 19. Nc4 Nb6 20. Qe1 Nxc4 21. Bxc4 Qb7 22. Qg3 Ne7 23. Nf6+ Kh8 24. Ne4 Nf5 25. Qf2 Ne3 26. Nd6 Qxg2+ 27. Qxg2 Bxg2 28. h4 Bxf1 29. Rxf1 Nxf1 30. Kxf1 bxa3 31. bxa3 g6 32. a4 Kg7 33. Kf2 f6 34. Kg3 Rb2 35. Bb3 Rxb3 36. exf6+ Kxf6 37. cxb3 e5 38. Ne4+ Ke6 39. Nxc5+ Kd5 40. Ne4 Rxf4 41. Nd2 Rf6 42. Nc4 e4 43. dxe4+ Kxe4 44. Nxa5 d3 45. Nc4 Kd4 46. a5 Kc3 47. Ne3 Kxb3 48. Kg4 Ka4 49. Kg5 Re6 50. Nc4 Kb5 51. Nd2 Kxa5 52. Kh6 Re2 53. Nb3+ Kb4 54. Nc1 Kc4 55. Kxh7 Rg2 0-1